| 000 | 00714nam a2200205Ia 4500 | ||
|---|---|---|---|
| 003 | GCL | ||
| 005 | 20240530103257.0 | ||
| 008 | 140319s9999 xx 000 0 ara d | ||
| 040 |
_aGCL / _cGCL |
||
| 082 | 0 | 4 |
_a745 _bا ك |
| 100 | 1 | _aانيس حبلى | |
| 245 | 1 | 0 |
_aالكمبيوتر وفن الزخرفة : سلسة الذكاء الاصطناعى والرسم الكمبيوترى التطبيقى / _cانيس حبلى |
| 260 |
_aبيروت : _bدار الراتب الجامعية ، _c1989 |
||
| 300 |
_a232 ص ؛ _c25 سم |
||
| 650 | 0 | 4 | _aالفنون الجميلة |
| 650 | 0 | 4 | _aالزخرفة |
| 650 | 0 | 4 | _aالفن الزخرفى |
| 650 | 0 | 4 | _aالتصميم الزخرفى |
| 942 |
_2ddc _cBK |
||
| 999 |
_c38080 _d38080 |
||